Environment and entrepreneur / (Record no. 19001)

MARC details
000 -LEADER
fixed length control field 00960 a2200253 4500
005 - DATE AND TIME OF LATEST TRANSACTION
control field 2008092508118.0
008 - FIXED-LENGTH DATA ELEMENTS--GENERAL INFORMATION
fixed length control field 080925t xxu||||| |||| 00| 0 eng d
010 ## - LCCN (DPL NO)
LC control number ENG-91760
020 ## - INTERNATIONAL STANDARD BOOK NUMBER
International Standard Book Number 9788131304617
Terms of availability 695.00
035 ## - SYSTEM CONTROL NUMBER
System control number EN-75293
037 ## - SOURCE OF ACQUISITION
Source of stock number/acquisition DBAD / PUB
040 ## - CATALOGING SOURCE
Original cataloging agency dpl
Language of cataloging English
082 ## - DEWEY DECIMAL CLASSIFICATION NUMBER
Classification number 338.040954
100 ## - MAIN ENTRY--PERSONAL NAME
Personal name Desai, Arvindrai N.
245 ## - TITLE STATEMENT
Title Environment and entrepreneur /
Statement of responsibility, etc by Arvindrai N. Desai
260 ## - PUBLICATION, DISTRIBUTION, ETC. (IMPRINT)
Place of publication, distribution, etc New Delhi
Name of publisher, distributor, etc APH Publishing House
Date of publication, distribution, etc 2009
270 ## - ADDRESS
Address 4435-36/7, Ansar Road, Daryaganj,
City New Delhi
Postal code 110002
300 ## - PHYSICAL DESCRIPTION
Extent xi, 247p.
Dimensions 23cm (Hb )
500 ## - GENERAL NOTE
General note Includes bibliographical references and index
650 ## - SUBJECT ADDED ENTRY--TOPICAL TERM
Topical term or geographic name as entry element Entrepreneurship
650 ## - SUBJECT ADDED ENTRY--TOPICAL TERM
Topical term or geographic name as entry element Entrepreneurship
Geographic subdivision India
942 ## - ADDED ENTRY ELEMENTS (KOHA)
Institution code [OBSOLETE] dpl
Item type English Books
Source of classification or shelving scheme Dewey Decimal Classification
Call number suffix DES
Classification part 338.040954
Holdings
Withdrawn status Lost status Source of classification or shelving scheme Damaged status Not for loan Collection code Home library Current library Date acquired Source of acquisition Cost, normal purchase price Total Checkouts Full call number Barcode Date last seen Copy number Cost, replacement price Koha item type
    Dewey Decimal Classification   Not For Loan Non-fiction D.B.Act.Division D.B.Act.Division 21/11/2008 DBAD /PUB 695.00   338.040954 DES EN-75293 21/11/2008 1 695.00 English Books

© Delhi Public Library
Hit Counter
free hit counter